Dios cree en el hombre /
Obra que reúne las reflexiones de Justo Mullor, teniendo como horizonte de las mismas su experiencia pastoral, las cuales constituyen una guía para la vida del cristiano porque en ellas da cuenta de la apuesta de Dios por el hombre, así como de lo que El espera de este hombre.
Guardat en:
| Autor principal: | |
|---|---|
| Altres autors: | |
| Format: | Llibre |
| Idioma: | espanyol |
| Publicat: |
Madrid, España :
Rialp,
1990, c1990
|
| Col·lecció: | (Patmos, Libros de Espiritualidad ;
199) |
| Matèries: | |
| Etiquetes: |
Sense etiquetes, Sigues el primer a etiquetar aquest registre!
|
MARC
| LEADER | 00000nam^a2200000^a^4500 | ||
|---|---|---|---|
| 001 | 000286305 | ||
| 005 | 20250521000000.0 | ||
| 009 | 20260526134746.222 | ||
| 020 | |a 84-321-2619-5 | ||
| 025 | |a Donación Jesús Vergara Aceves, 1 ejemplar | ||
| 037 | |a Acervo Xavier Clavigero | ||
| 041 | |a ESP | ||
| 082 | |a 248. 4 |b MUL | ||
| 100 | |a Mullor García, Justo |e (autor) | ||
| 245 | 1 | 0 | |a Dios cree en el hombre / |c J. Mullor García ; pról. de R. Etchegaray. |
| 264 | 4 | |a Madrid, España : |b Rialp, |c 1990, c1990 | |
| 300 | |a 355 p. | ||
| 336 | |a texto |b txt |2 rdacontenido | ||
| 337 | |a sin mediación |b n |2 rdamedio | ||
| 338 | |a volumen |b nc |2 rdasoporte | ||
| 440 | 1 | |a (Patmos, Libros de Espiritualidad ; |v 199) | |
| 520 | |a Obra que reúne las reflexiones de Justo Mullor, teniendo como horizonte de las mismas su experiencia pastoral, las cuales constituyen una guía para la vida del cristiano porque en ellas da cuenta de la apuesta de Dios por el hombre, así como de lo que El espera de este hombre. | ||
| 649 | |a XX | ||
| 650 | |a Vida Cristiana - |x Tema Principal | ||
| 650 | |a Vida Espiritual - |x Tema Principal | ||
| 650 | |a Conducta de Vida | ||
| 650 | |a Espiritualidad | ||
| 650 | |a Iglesia Católica | ||
| 650 | |a Catolicismo | ||
| 650 | |a Cristianismo | ||
| 650 | |a Religión | ||
| 700 | |a Etchegaray, Roger |e (prólogo) | ||
| 910 | |a Fondo Jesús Vergara Aceves S.J. | ||
| 920 | |a Impresos - Libros | ||
| 930 | |a Fondos Especiales | ||
| 905 | |a 119 | ||
| 901 | |a 0500173109 |b IT2 |c ESP |i D |u 20250521 | ||
| 902 | |a https://opac.biblio.iteso.mx/vufind/Record/000286305 | ||